Meilleur Joueur du Monde World Rugby - moyen - Statistiques

Statistiques générales
  • Ce quiz a été pris 8 fois
  • Le résultat moyen est 17 sur 24
Statistiques - réponses
Année Poste Nationalité Club Joueur % Correct
2021 Demi de mêlée France Stade Toulousain Antoine Dupont
100%
2003 Demi d'ouverture Angleterre Newcastle Falcons Jonny Wilkinson
100%
2011 3e ligne aile France Stade Toulousain Thierry Dusautoir
100%
2016 Demi d'ouverture Nouvelle Zélande Hurricanes Beauden Barrett
88%
2017 Demi d'ouverture Nouvelle Zélande Hurricanes Beauden Barrett
88%
2007 Ailier Afrique du Sud Bulls Bryan Habana
88%
2005 Demi d'ouverture Nouvelle Zélande Crusaders Dan Carter
88%
2012 Demi d'ouverture Nouvelle Zélande Crusaders Dan Carter
88%
2015 Demi d'ouverture Nouvelle Zélande Crusaders Dan Carter
88%
2006 3e ligne aile Nouvelle Zélande Crusaders Richie McCaw
88%
2009 3e ligne aile Nouvelle Zélande Crusaders Richie McCaw
88%
2010 3e ligne aile Nouvelle Zélande Crusaders Richie McCaw
88%
2002 Demi de mêlée Français Stade Français Fabien Galthié
75%
2018 Demi d'ouverture Irlande Leinster Jonathan Sexton
75%
2008 Ailier Pays de Galles Ospreys Shane Williams
75%
2023 3e ligne centre Nouvelle Zélande Hurricanes Ardie Savea
50%
2014 2e ligne Nouvelle Zélande Chiefs Brodie Retallick
50%
2022 3e ligne aile Irlande Leinster Josh van der Flier
50%
2019 3e ligne aile Afrique du Sud Stormers Pieter Steph du Toit
50%
2024 3e ligne aile Afrique du Sud Toyota Verblitz Pieter Steph du Toit
50%
2013 3e ligne aile Nouvelle Zélande Crusaders Kieran Read
38%
2025 Talonneur Afrique du Sud Kubota Spears Malcolm Marx
38%
2004 3e ligne aile Afrique du Sud Stormers Schalk Burger
38%
2001 Talonneur Irlandais Harlequins Keith Wood
25%
Aucun quiz correspondant
Distribution des résultats
% des personnes avec chaque résultat
Percentile par nombre de réponses
Votre historique - résultats
Vous n’avez pas pris ce quiz